Statistics for Top Cabbage Exporting Countries

Click here to take the quiz!

General Stats

  • This quiz has been taken 47 times
  • The average score is 7 of 10

Answer Stats

TonnesAnswer% Correct
964,830USA
98%
8,500,000India
93%
32,800,000China
90%
3,309,815Russia
88%
1,487,581Indonesia
71%
1,922,400Ukraine
69%
1,198,726Poland
69%
2,300,000Japan
67%
2,118,930South Korea
60%
990,154Romania
40%

Score Distribution

Percentile by Number Answered

Percent of People with Each Score

Your Score History

You have not taken this quiz